Hardware security : design, threats, and safeguards (Record no. 71539)

000 -LEADER
fixed length control field 00688nam a22001937a 4500
003 - CONTROL NUMBER IDENTIFIER
control field NUST - PNEC
005 - DATE AND TIME OF LATEST TRANSACTION
control field 20170116181203.0
008 - FIXED-LENGTH DATA ELEMENTS--GENERAL INFORMATION
fixed length control field 160219b xxu||||| |||| 00| 0 eng d
020 ## - INTERNATIONAL STANDARD BOOK NUMBER
International Standard Book Number 9781439895832
040 ## - CATALOGING SOURCE
Transcribing agency LIBRARY
082 ## - DEWEY DECIMAL CLASSIFICATION NUMBER
Classification number 005.8 MUK
100 ## - MAIN ENTRY--PERSONAL NAME
9 (RLIN) 16537
Personal name Mukhopadhyay, Debdeep
245 ## - TITLE STATEMENT
Title Hardware security : design, threats, and safeguards
Statement of responsibility, etc. Debdeep Mukhopadhyay
260 ## - PUBLICATION, DISTRIBUTION, ETC.
Place of publication, distribution, etc. Boca Raton:
Name of publisher, distributor, etc. CRC Press;
Date of publication, distribution, etc. C2015.
300 ## - PHYSICAL DESCRIPTION
Extent 556 pages
650 ## - SUBJECT ADDED ENTRY--TOPICAL TERM
9 (RLIN) 16539
Topical term or geographic name entry element Computer Security
General subdivision MIS
856 ## - ELECTRONIC LOCATION AND ACCESS
Uniform Resource Identifier <a href="http://www.amazon.com/Hardware-Security-Design-Threats-Safeguards/dp/143989583X/ref=sr_1_1?s=books&ie=UTF8&qid=1455856975&sr=1-1&keywords=9781439895832">http://www.amazon.com/Hardware-Security-Design-Threats-Safeguards/dp/143989583X/ref=sr_1_1?s=books&ie=UTF8&qid=1455856975&sr=1-1&keywords=9781439895832</a>
942 ## - ADDED ENTRY ELEMENTS (KOHA)
Source of classification or shelving scheme
Koha item type Book
Holdings
Withdrawn status Lost status Source of classification or shelving scheme Materials specified (bound volume or other part) Damaged status Not for loan Permanent Location Current Location Shelving location Date acquired Source of acquisition Cost, normal purchase price Total Checkouts Full call number Barcode Date last seen Cost, replacement price Price effective from Koha item type
      Hardbound     Pakistan Navy Engineering College (PNEC) Pakistan Navy Engineering College (PNEC)   12/07/2015 Siddiqui Enterprises/Library grant 8853.00   005.8 MUK PNECLIB-032410 02/19/2016 8853.00 12/07/2015 Book
© 2023 Central Library, National University of Sciences and Technology. All Rights Reserved.